00558 a2200169 4500008004100000010001400041020002300055035001300078037001800091082001100109100001700120245003400137260003600171270011200207300002900319500004000348080820t xxu||||| |||| 00| 0 eng d aENG-84824 a8181160347c675.00 aEN-68357 bD.B.Act / Pub a382.92 aNigam, R. L. aWTO and Indiacby R. L. Nigam aNew DelhibMaxford Booksc2006. a4393/4, First Floor, Ansari Road, Darya Ganj, New DelhibNew DelhicDelhie110002mmaxfordbooks@hotmail.com ax, 326 p. ;c22 cm. (Hb) aIncludes bibliographical references